000 00362 a2200169 4500
001 156781
020 _a9788526009370
040 _cEscola São Tomás de Aquino
100 _aPAES, José Paulo
240 1 0 _aPois é, poesia
_lpor
245 1 0 _aPois é, poesia
300 _a64 p.
362 0 _a2004
440 1 _aGlobal
697 _aPoesia
942 _cBK
999 _c156781
_d156781